| Tag |
First Indicator |
Second Indicator |
Subfields |
| LEADER |
00000cam a2200000 a 4500 |
| 001 |
in00001403526 |
| 005 |
20151020055542.0 |
| 008 |
970916s1998 mau b 001 0 eng |
| 010 |
|
|
|a 97041527
|
| 020 |
|
|
|a 0674354117
|
| 035 |
|
|
|a (OCoLC)37663621
|
| 035 |
|
|
|9 AHN4784AM
|
| 040 |
|
|
|a DLC
|c DLC
|d TXA
|d UtOrBLW
|
| 043 |
|
|
|a n-us---
|
| 049 |
|
|
|a TXAM
|
| 050 |
0 |
0 |
|a KF9223
|b .E85 1998
|
| 082 |
0 |
0 |
|a 345.73/05
|2 21
|
| 100 |
1 |
|
|a Estrich, Susan.
|
| 245 |
1 |
0 |
|a Getting away with murder :
|b how politics is destroying the criminal justice system /
|c Susan Estrich.
|
| 264 |
|
1 |
|a Cambridge, Mass. :
|b Harvard University Press,
|c 1998.
|
| 300 |
|
|
|a 161 pages ;
|c 22 cm.
|
| 336 |
|
|
|a text
|b txt
|2 rdacontent
|
| 337 |
|
|
|a unmediated
|b n
|2 rdamedia
|
| 338 |
|
|
|a volume
|b nc
|2 rdacarrier
|
| 504 |
|
|
|a Includes bibliographical references (pages 137-150) and index.
|
| 650 |
|
0 |
|a Criminal justice, Administration of
|z United States.
|
| 650 |
|
0 |
|a Law
|x Political aspects.
|
| 948 |
|
|
|a c:ce
|
| 999 |
|
|
|a MARS
|
| 999 |
f |
f |
|s 4fa368b2-b03c-3287-9a4e-d150ffb97d2f
|i f5554ee4-788b-3633-881a-ee2191005460
|t 0
|
| 952 |
f |
f |
|p ric
|a Texas A&M University
|b Rellis Campus
|c Joint Library Facility
|s JLF
|d Remote Storage
|t 0
|e KF9223 .E85 1998
|h Library of Congress classification
|i unmediated -- volume
|m A14825250059
|
| 998 |
f |
f |
|a KF9223 .E85 1998
|t 0
|l Remote Storage
|